Elementary algebra/ (Record no. 1206)
[ view plain ]
| 000 -LEADER | |
|---|---|
| fixed length control field | 00727cam a2200229 a 4500 |
| 001 - CONTROL NUMBER | |
| control field | 207189 |
| 005 - DATE AND TIME OF LATEST TRANSACTION | |
| control field | 20241114143010.0 |
| 008 - FIXED-LENGTH DATA ELEMENTS--GENERAL INFORMATION | |
| fixed length control field | 990401s2001 maua 001 0 eng |
| 020 ## - INTERNATIONAL STANDARD BOOK NUMBER | |
| International Standard Book Number | 0395976715 |
| 050 00 - LIBRARY OF CONGRESS CALL NUMBER | |
| Classification number | QA152.3 |
| Item number | .L373 2001 |
| 082 00 - DEWEY DECIMAL CLASSIFICATION NUMBER | |
| Classification number | 512.9 |
| Edition information | 21 |
| 100 1# - MAIN ENTRY--PERSONAL NAME | |
| Personal name | Larson, Ron, |
| Dates associated with a name | 1941- |
| 245 10 - TITLE STATEMENT | |
| Title | Elementary algebra/ |
| Remainder of title | instructor's annotated edition |
| Statement of responsibility, etc. | Roland Larson, Robert P. Hostetler ; with the assistance of David E. Heyd. |
| 250 ## - EDITION STATEMENT | |
| Edition statement | 3rd ed. / |
| 260 ## - PUBLICATION, DISTRIBUTION, ETC. | |
| Place of publication, distribution, etc. | Boston : |
| Name of publisher, distributor, etc. | Houghton Mifflin, |
| Date of publication, distribution, etc. | c2001. |
| 300 ## - PHYSICAL DESCRIPTION | |
| Extent | xxi, 558, 156 p. : |
| Other physical details | ill. (some col.) ; |
| Dimensions | 26 cm. |
| 500 ## - GENERAL NOTE | |
| General note | Includes indexes. |
| 650 #0 - SUBJECT ADDED ENTRY--TOPICAL TERM | |
| Topical term or geographic name entry element | Algebra. |
| 700 1# - ADDED ENTRY--PERSONAL NAME | |
| Personal name | Hostetler, Robert P. |
| 700 1# - ADDED ENTRY--PERSONAL NAME | |
| Personal name | Heyd, David E. |
| 942 ## - ADDED ENTRY ELEMENTS (KOHA) | |
| Source of classification or shelving scheme | Library of Congress Classification |
| Koha item type | Books |
| Edition | 3rd Ed. |
| Suppress in OPAC | No |
| 999 ## - | |
| -- | 1206 |
| -- | 1206 |
| Withdrawn status | Lost status | Source of classification or shelving scheme | Damaged status | Not for loan | Collection | Home library | Current library | Shelving location | Date acquired | Total checkouts | Full call number | Barcode | Date last seen | Copy number | Price effective from | Koha item type |
|---|---|---|---|---|---|---|---|---|---|---|---|---|---|---|---|---|
| Library of Congress Classification | Non-fiction | Science Library (Miotso) | Science Library (Miotso) | General stacks | 11/14/2024 | QA152 LAR | SLM00000597 | 11/14/2024 | 1 | 11/14/2024 | Books |